Normal view
MARC view
- الاسلام - علوم الحديث
Entry Topical Term
001 - CONTROL NUMBER
- control field: 41547
003 - CONTROL NUMBER IDENTIFIER
- control field: JO-AjAnu
005 - DATE AND TIME OF LATEST TRANSACTION
- control field: 20230606080911.0
008 - FIXED-LENGTH DATA ELEMENTS
- fixed length control field: 230606|| aca||aabn | a|a d
040 ## - CATALOGING SOURCE
- Original cataloging agency: JO-AjAnu
- Transcribing agency: JO-AjAnu
150 ## - HEADING--TOPICAL TERM
- Topical term or geographic name entry element: الاسلام - علوم الحديث
670 ## - SOURCE DATA FOUND
- Source citation: Work cat.: (JO-AjAnu)21289: حمودة، محمود محمد، م.مشارك: عبد السلام عطوة الفندي، أحمد غسان الناجي, author 41546, الواضح في علوم الحديث